00455 2200181 4500001002100000005001500021008004100036020001800077035001900095041000700114082001200121090001800133100001500151245002200166260003500188300003100223650001900254INLIS00000000001216320241224114320241224||||||||| | ||| |||| || |  a979-489-612-8 0010-1224012163 aid0 a615.882 a615.882 SAR t0 aB. Sarwono00aJamu Untuk ternak aJakartabPenebar Swadayac2005 avii+56hlmn,; ilus,; 20,5cm 0aILMU KESEHATAN